Overwatch Control Points - Statistics

General Stats
  • This quiz has been taken 15 times
    3 since last reset
  • The average score is 18 of 21
Answer Stats
Hint Answer % Correct
Lijiang Tower Control Centre
100%
Busan Downtown
100%
Samoa Downtown
100%
Lijiang Tower Gardens
100%
Oasis Gardens
100%
Ilios Lighthouse
100%
Busan MEKA base
100%
Lijiang Tower Night Market
100%
Ilios Ruins
100%
Busan Sanctuary
100%
Nepal Shrine
100%
Oasis University
100%
Nepal Village
100%
Samoa Volcano
100%
Ilios Well
100%
Antarctic Peninsula Anomaly
50%
Samoa Beach
50%
Oasis City Centre
50%
Antarctic Peninsula Icebreaker
50%
Nepal Sanctum
50%
Antarctic Peninsula Drilling Rig
0%
No matching quizzes found
Score Distribution
Percent of People with Each Score
Percentile by Number Answered
Your Score History
You have not taken this quiz since the last reset